00360nam a2200121Ia 45000030006000000080041000060400015000471000031000622450085000932600031001785460012002090050017002210STCL150530s9999 xx 000 0 und d aSTCLcSTCL aChandrasekhara Ayyar, S.N. aCatologue of the exhibits in the economic products section except wood specimens bGovernment of Madrasc1921 aEnglish20220125170417.0